Lun yu ji zhu zuan jian /

Disimpan dalam:
Butiran Bibliografi
Pengarang-pengarang Lain: Yan, Lingfeng, 1904- (comp.)
Format: Buku
Bahasa:Chinese
Diterbitkan: Taibei : Yi wen yin shu guan, [Min guo 55 i.e. 1966]
Siri:Wu qiu bei zhai Lun yu ji cheng ; 22.
Subjek-subjek:
Penanda-penanda: Tambah Penanda
Tiada Penanda, Jadilah orang pertama menanda rekod ini!
LEADER 01426cam a2200325ui 4500
001 007722158-3
005 20024617111505.0
008 960723r1966uuuuch 000 0 chi d
035 0 |a ocm35126676 
040 |a PPiU  |c PPiU  |d *YNH*  |d CStRLIN 
245 0 0 |6 880-01  |a Lun yu ji zhu zuan jian /  |c Yan Lingfeng bian ji. 
260 |6 880-02  |a Taibei :  |b Yi wen yin shu guan,  |c [Min guo 55 i.e. 1966] 
300 |a 4 v. (double leaves) in case. 
490 1 |6 880-03  |a Wu qiu bei zhai Lun yu ji cheng ;  |v 22 
500 |6 880-04  |a (In Yan Lingfeng bian ji Wu qiu bei zhai Lun yu ji cheng v. 57-60) 
500 |6 880-05  |a Facsimile reproduction of Tong zhi tang jing jie ben, Si shu zuan jian zhi Lun yu bu fen. 
600 0 0 |6 880-06  |a Confucius.  |t Lun yu. 
650 0 |a Chinese classics. 
700 1 |6 880-07  |a Yan, Lingfeng,  |d 1904-  |e comp. 
880 0 0 |6 245-01  |a 論語集註纂箋 /  |c 嚴靈峯編輯. 
880 |6 260-02  |a 台北 :  |b 藝文印書館,  |c [民國55 i.e. 1966] 
880 1 |6 490-03  |a 無求備齋論語集成 ;  |v 22 
880 |6 500-04  |a (In 嚴靈峯編輯 無求備齋論語集成 v. 57-60) 
880 |6 500-05  |a Facsimile reproduction of 通志堂經解本, 四書纂箋之論語部份. 
880 0 0 |6 600-06  |a Confucius.  |t 論語. 
880 1 |6 700-07  |a 嚴靈峯,  |d 1904-  |e comp. 
830 0 |6 880-53  |a Wu qiu bei zhai Lun yu ji cheng ;  |v 22. 
880 0 |6 830-53  |a 無求備齋論語集成 ;  |v 22. 
988 |a 20021109 
906 |0 OCLC